María, sermón con motivo de la dedicación que el convento del Carmen de Morelia hizo de su iglesia, ...

Detalles Bibliográficos
Autor principal: CRISOSTOMO, Juan ( Fray )
Formato: Libro
Publicado: Morelia 1843
Materias:
Colección:Banco de datos
Acervo:Biblioteca del Ex Convento de Nuestra Señora de Guadalupe. Zacatecas
Tema general:Homilética
Notas:Buena. XII,7,9 (4180)
LEADER 00726nam a22001930004500
035 |a 45130 
036 |a 6314 
100 1 |a CRISOSTOMO, Juan ( Fray ) 
245 1 0 |a María, sermón con motivo de la dedicación que el convento del Carmen de Morelia hizo de su iglesia, ... 
260 |a Morelia  |b imp. Ignacio Arango  |c 1843 
500 |a Buena. XII,7,9 (4180) 
650 1 0 |a Homilética 
949 |a CRZ-CG 
959 |a Ex convento de Nuestra Señora de Guadalupe, Museo Regional de Zacatecas, Zacatecas  |b CCC4 
960 |a Convento de Nuestra Señora de Guadalupe, Zacatecas  |b DD87 
961 |a Franciscana  |b OF 
942 |c CRZ-CG 
943 |g Biblioteca del Ex Convento de Nuestra Señora de Guadalupe. Zacatecas 
999 |c 969257  |d 969257